000 00266nam a22001217a 4500
008 170526b xxu||||| |||| 00| 0 eng d
041 _aeng
080 _a621.3
100 _a27
101 _aIM
245 _aELECTROM SPIN RESONANCE
_cPOLLE.CH,P
942 _2udc
_cBK
999 _c14493
_d14493